| 000 | 01124nam a2200289Ia 4500 | ||
|---|---|---|---|
| 003 | OSt | ||
| 005 | 20221005110552.0 | ||
| 006 | a|||||r|||| 00| 0 | ||
| 007 | ta | ||
| 008 | 221004b |||||||| |||| 00| 0 hin d | ||
| 020 |
_a9788126340521 (hbk) _cINR 200.00 |
||
| 024 | _a37133 | ||
| 037 |
_bBW/1686, 15/03/2018, Bookwell _cTextual |
||
| 040 |
_aCRL _cCRL _bhin |
||
| 041 |
_2hin _ahin |
||
| 082 | _aO152,3N31w, Q4 | ||
| 100 | _aत्रिपाठी, विश्वनाथ | ||
| 245 | 0 | _aगंगा स्नान करने चलोगे | |
| 246 | _aGangā snān karane chaloge | ||
| 260 |
_aनई दिल्ली _bभारतीय ज्ञानपीठ भारत _c2014 |
||
| 300 |
_a180पृ0 _ccm. |
||
| 490 | _aलोकोदय ग्रन्थमाला; ग्रन्थांक 1108 | ||
| 650 | _a हिन्दी साहित्य | ||
| 650 | _aहिन्दी कहानी | ||
| 942 |
_hO152,3N31w, Q4 _cTEXL _2cc |
||
| 999 |
_c1019237 _d1019237 |
||